000 00328nab a22001097u 4500
008 130520b1986 xxu||||| |||| 00| 0 spa d
041 _aspa
100 1 _aSivaraksa, S.
_967381
245 0 0 _aEl cristianismo desde la perspectiva budista
_cS. Sivaraksa
773 0 _tConcilium
_gV.1,1986,págs.73-77
_x0210-1041
_wRev134
942 _cAR
999 _c355213
_d355213